Most Authoritarian Countries of the World - Statistics

General Stats
  • This quiz has been taken 694 times
    411 since last reset
  • The average score is 20 of 30
Answer Stats
Index Country % Correct
1.08 North Korea
97%
2.28 Russia
94%
1.94 China
91%
1.96 Iran
88%
0.32 Afghanistan
82%
2.08 Saudi Arabia
81%
1.43 Syria
81%
1.58 D.R. Congo
75%
1.95 Yemen
75%
1.99 Belarus
73%
2.65 Cuba
73%
2.47 Sudan
73%
1.66 Turkmenistan
73%
2.23 Venezuela
71%
1.77 Laos
70%
2.73 Vietnam
70%
0.74 Myanmar
69%
2.06 Libya
68%
2.03 Eritrea
66%
2.12 Uzbekistan
63%
1.94 Tajikistan
61%
1.67 Chad
60%
1.35 Central African Republic
56%
2.52 Bahrain
49%
2.50 Nicaragua
43%
1.92 Equatorial Guinea
38%
2.13 Burundi
36%
2.56 Cameroon
36%
2.32 Guinea
35%
2.56 Guinea-Bissau
27%
No matching quizzes found
Score Distribution
Percent of People with Each Score
Percentile by Number Answered
Your Score History
You have not taken this quiz since the last reset